Segundo curso de lengua griega : método completo conforme al cuestionario oficial de 14 de abril de 1939, Año de la Victoria : morfología, sintaxis, prácticas /

保存先:
書誌詳細
第一著者: Oleza, José María de (autor)
フォーマット: 図書
言語:スペイン語
出版事項: Barcelona, España : Editorial Ibérica, 1942, c1942
タグ: タグ追加
タグなし, このレコードへの初めてのタグを付けませんか!

MARC

LEADER 00000nam^a2200000^a^4500
001 000454353
005 20250521000000.0
009 20260310123927.441
037 |a Acervo Xavier Clavigero 
041 |a ESP 
091 |a FCA. 04929 
100 |a Oleza, José María de  |e (autor) 
245 1 0 |a Segundo curso de lengua griega :  |b método completo conforme al cuestionario oficial de 14 de abril de 1939, Año de la Victoria : morfología, sintaxis, prácticas / 
264 4 |a Barcelona, España :  |b Editorial Ibérica,  |c 1942, c1942 
300 |a 181 p. 
336 |a texto  |b txt  |2 rdacontenido 
337 |a sin mediación  |b n  |2 rdamedio 
338 |a volumen  |b nc  |2 rdasoporte 
649 |a XX 
910 |a Fondo Xavier Cacho Vázquez S.J. 
920 |a Impresos - Libros 
930 |a Fondos Especiales 
905 |a 131 
901 |a 0500375094  |b IT2  |c ESP  |i D  |u 20250521 
902 |a https://opac.biblio.iteso.mx/vufind/Record/000454353